Cervantes (Registro nro. 12211)

Detalles MARC
000 -ENCABEZADO
Número de control [NR] 00607nam a2200193Ia 4500
008 - DE LONGITUD FIJA DE DATOS DE ELEMENTOS - INFORMACIÓN GENERAL
Elementos de longitud fija [NR] 130821s1935 ag gr spa
040 ## - FUENTE DE CATALOGACION [NR]
Agencia de catalogación original [NR] Co-BoUCM
Idioma de catalogación [NR] spa
041 ## - CODIGO DE IDIOMA [R]
Código de idioma para texto/pista de sonido o título separado [R] Español
100 ## - ASIENTO PRINCIPAL--NOMBRE PERSONAL [NR]
Nombre personal [NR] Rojas, Ricardo
245 ## - MENCION DE TITULO [NR]
Título [NR] Cervantes
Mención de responsabilidad, etc. [NR] Ricardo Rojas
260 ## - PUBLICACION, DISTRIBUCION, ETC. (PIE DE IMPRENTA) [R]
Lugar de publicación, distribución, etc. [R] Buenos Aires (Argentina)
Nombre del editor, distribuidor, etc. [R] J. Roldan Cia.
Fecha de publicación, distribución, etc. [R] 1935
300 ## - DESCRIPCION FISICA [R]
Extensión [R] 424 páginas
600 ## - ASIENTO SECUNDARIO DE MATERIA - NOMBRE PERSONAL [R]
Nombre personal [NR] Cervantes Saavedra Miguel de
Fechas asociadas con el nombre [NR] 1547-1616
9 (RLIN) 568
650 04 - ASIENTO SECUNDARIO DE MATERIA - TERMINO TEMATICO [R]
Término temático o nombre geográfico como elemento de entrada [NR] Ensayos
9 (RLIN) 14547
650 04 - ASIENTO SECUNDARIO DE MATERIA - TERMINO TEMATICO [R]
Término temático o nombre geográfico como elemento de entrada [NR] Literatura argentina
9 (RLIN) 18607
650 04 - ASIENTO SECUNDARIO DE MATERIA - TERMINO TEMATICO [R]
Término temático o nombre geográfico como elemento de entrada [NR] Literatura argentina
Subdivisión de forma [R] Ensayos
9 (RLIN) 18607
942 ## - ELEMENTOS DE ENTRADA AGREGADOS (KOHA)
Tipo de ítem principal el descrito en 300a Libro
Tema principal Literatura
Edición 1
Parte restante de la signatura top. R64
Sistema de clasificación DEWEY
Clasificación 863.3
Existencias
Fecha de último préstamo Total préstamos Signatura topográfica Código de barras Última vez visto Ejemplar Price effective from Tipo de ítem Perdido Sistema de clasificación Dañado No prestable Tipo de ítem específico Suprimido Ubicación habitual Ubicación actual Localización Fecha de creación Forma de adquisición Costo
    863.3 R64 100023844 01/12/2025 Ej.2 03/02/2013 Libro   DEWEY     Libro   Fundación Cardioinfantil Fundación Cardioinfantil 1er piso 28/02/2003 Donación 70.00
12/05/2005 3 863.3 R64 100023845 01/12/2025 Ej.1 03/02/2013 Libro   DEWEY     Libro   Hospital Universitario Mayor Hospital Universitario Mayor 9no piso 28/02/2003 Donación 70.00